Statistics for Max Payne 2 Characters (2003)

Click here to take the quiz!

General Stats

  • This quiz has been taken 13 times
  • The average score is 7 of 24

Answer Stats

HintAnswer% Correct
Main CharacterMax Payne
100%
Contract killer, romantic interest of aboveMona Sax
100%
Homicide lieutenantJim Bravura
60%
Russian mobsterVladimir Lem
60%
Cartoon SuperheroCaptain BaseBallBat-Boy
50%
US SenatorAlfred Woden
40%
Leader of Squeaky Cleaning CompanyKaufman
40%
Bodyguard of above, "The Cowboy"Mike
40%
NYPD Homicide detectiveValerie Winterson
30%
Mafia underbossVincent Gognitti
30%
Gunsmith and Arms dealerAnnie Finn
20%
Apartment Complex janitorEd
20%
News reporterKyra Silver
20%
NYPD officer that oversees the holding cellsPetersburg
20%
Civilian Woman who helps fight in apartmentViolet
20%
Bodyguard of aboveClay
10%
Comrade Hitman of aboveFeller
10%
Physician working in Memorial HospitalMagdalena
10%
Colleague of aboveMary
10%
NYPD officer at the parking #1Broussard
0%
Member of the Inner CircleCorcoran
0%
NYPD officer at the parking #2Miller
0%
SCC mercenary assaulting the HospitalMitchum
0%
Member of the Inner CircleSebastian Gate
0%

Score Distribution

Percentile by Number Answered

Percent of People with Each Score

Your Score History

You have not taken this quiz